Artificialización del soporte natural y riesgo hídrico : construcción de vulnerabilidades en la cuenca alta del Arroyo Pigüé /

Guardado en:
Otros Autores: Rosell, María Patricia. (Disertante), Zinger, Susana Alicia, 1947- (Orientador)
Formato: Manuscrito
Idioma:Spanish
Publicado: 2010.
Materias:
Etiquetas: Agregar Etiqueta
Sin Etiquetas, Sea el primero en etiquetar este registro!
LEADER 01214ntm a22002655a 4500
001 EUN.eunm003297
008 100906s2010####ag#######bm###000#0#spa#d
005 20231024084552.0
245 1 0 |a Artificialización del soporte natural y riesgo hídrico :  |b construcción de vulnerabilidades en la cuenca alta del Arroyo Pigüé /  |c María Patricia Rosell. 
260 |c 2010. 
300 |a 211, [61] h. :  |b il. (principalmente col.) ;  |c 30 cm. 
500 |a "Tesis de Magíster en Geografía". 
500 |a Director de tesis: Alicia Susana Zinger. 
502 |a Tesis (magíster)--Universidad Nacional del Sur. Departamento de Geografía y Turismo, 2010. 
504 |a Incluye referencias bibliográficas (p. 201-211). 
530 |a Disponible también en formato digital. 
100 1 |a Rosell, María Patricia.  |4 dis 
700 1 |a Zinger, Susana Alicia,  |d 1947-  |4 ths 
710 2 |a Universidad Nacional del Sur.  |b Departamento de Geografía y Turismo.  |4 dgg. 
082 0 4 |a 040  |2 15 
650 7 |a Geografía.  |2 unbist 
650 7 |a Hidrología.  |2 unbist 
650 7 |a Cuencas.  |2 unbist 
859 |a AR-BaUNS  |b BIB. CENTRAL - Tesis  |h 040  |i B148 2010-1020  |k R  |p 121616/010 
859 |a AR-BaUNS  |b Dto. Geografia  |h 040  |i B148 2010-1020  |p 121617/010